Jane Austen (Record no. 995)

MARC details
000 -LEADER
fixed length control field 00485 a2200169 4500
001 - CONTROL NUMBER
control field 067007
003 - CONTROL NUMBER IDENTIFIER
control field OSt
005 - DATE AND TIME OF LATEST TRANSACTION
control field 20211025164138.0
008 - FIXED-LENGTH DATA ELEMENTS--GENERAL INFORMATION
fixed length control field
082 ## - DEWEY DECIMAL CLASSIFICATION NUMBER
Classification number 826.7
Item number A74S
100 1# - MAIN ENTRY--PERSONAL NAME
Personal name Austen, Jane
245 1# - TITLE STATEMENT
Title Jane Austen
Statement of responsibility, etc by Jane Austen
260 ## - PUBLICATION, DISTRIBUTION, ETC. (IMPRINT)
Place of publication, distribution, etc Delhi
Name of publisher, distributor, etc India log
Date of publication, distribution, etc 2002
300 ## - PHYSICAL DESCRIPTION
Extent 335p.
690 ## - LOCAL SUBJECT ADDED ENTRY--TOPICAL TERM (OCLC, RLIN)
Topical term or geographic name as entry element England; Courtship; Young women; Sisters; Social classes; Manners and customs; Pride and prejudice (Austen, Jane);
942 ## - ADDED ENTRY ELEMENTS (KOHA)
Source of classification or shelving scheme Dewey Decimal Classification
Koha item type Books
Holdings
Withdrawn status Lost status Source of classification or shelving scheme Damaged status Not for loan Collection code Home library Current library Date acquired Source of acquisition Cost, normal purchase price Total Checkouts Full call number Barcode Date last seen Date checked out Price effective from Koha item type
    Dewey Decimal Classification     General Text Book Central University Of Rajasthan Central University Of Rajasthan 07/03/2012 ENG 295.00 3 826.7 A74S 1293 04/12/2024 27/11/2024 02/09/2020 Books